01786cas a2200433 a 450000100090000000300050000900500170001400800410003101000170007203500240008903800110011304000510012404100130017504200080018804300120019605000180020808200210022624502600024724600170050724600080052426000390053230000170057131000110058836200160059950001490061551500740076454600320083858800410087065000420091165000320095365000350098565000430102065000410106365000440110465000520114865000570120065100400125765500550129713791171NUST20220629121416.0041119c19999999pk ar w 0 0eng  a 2004439087 a(OCoLC)ocm56998712  awaseem aDLCbengcDLCdHVLdOCLCQdOCLCFdOCLCOdOCLCA0 aengaurd apcc aa-pk---00aKPL19.A2bY43 a348.5491046bYEA00aYearly Law Reporter 2017:bconsisting judgement of High courts of Pakistan; superior courts of Azad Jammu & Kashmir and Gilgit-Baltistan on civil, criminal & revenue laws /cEdited by Muhammad Anwar ; H.B. Tanvir ; Muhammad Wahaj Azhar ; Kashif Mir Zubair30aLaw reporter13aYLR aLahore :bP.L.D Publishers,c2017. av. ;c24 cm. aAnnual0 a1999, v. 1- a"A yearly publication consisting of approved judgments of High Courts of Pakistan and Azad Jammu and Kashmir on civil, criminal & revenue laws." aIssued in 3 parts, 1999-2002; in 4 parts, 2003- (called v. on spine). aChiefly English, some Urdu. aLatest issue consulted: 2005, pt. 4. 0aLaw reports, digests, etc.zPakistan. 0aCivil lawzPakistanvCases. 0aCriminal lawzPakistanvCases. 0aInternal revenue lawzPakistanvCases. 7aCivil law.2fast0(OCoLC)fst00862544 7aCriminal law.2fast0(OCoLC)fst00883328 7aInternal revenue law.2fast0(OCoLC)fst00976622 7aLaw reports, digests, etc.2fast0(OCoLC)fst00994106 7aPakistan.2fast0(OCoLC)fst01210275 7aTrials, litigation, etc.2fast0(OCoLC)fst01423712